| 000 | 01194nam a2200349 i 4500 | ||
|---|---|---|---|
| 001 | 14406 | ||
| 003 | KOSZ 005 | ||
| 005 | 20221024090313.0 | ||
| 008 | 071127s1970 pl a f 001 0 pol | ||
| 015 | _aPB 1971/1290 | ||
| 040 |
_aWA N _cWA N _dKOSZ 005/ID _dKOSZ 005/RW |
||
| 046 | _k1970 | ||
| 080 | _a621.791/.795 | ||
| 100 | 1 |
_aMichalski, Ryszard _c(metaloznawstwo) _eAutor |
|
| 245 | 1 | 0 |
_aZgrzewanie oporowe : _bporadnik / _cRyszard Michalski. |
| 260 |
_aWarszawa : _bWydawnictwa Naukowo-Techniczne, _c1970. |
||
| 300 |
_a341 stron : _bilustracje, errata ; _c18 cm. |
||
| 336 |
_aTekst _btxt _2rdacontent |
||
| 337 |
_aBez urządzenia pośredniczącego _bn _2rdamedia |
||
| 338 |
_aWolumin _bnc _2rdacarrier |
||
| 380 | _aKsiążki | ||
| 380 | _aPublikacje fachowe | ||
| 388 | _a1901-2000 | ||
| 504 | _aBibliografia na stronach [333]-334. Indeks. | ||
| 658 | _aInżynieria i technika | ||
| 650 | 4 | _aTechnologia | |
| 655 | 4 | _aPoradnik | |
| 650 | 4 | _aZgrzewanie | |
| 710 | 2 |
_aWydawnictwa Naukowo-Techniczne _4pbl. |
|
| 856 |
_uhttp://koha.tu.koszalin.pl/cgi-bin/koha/opac-detail.pl?biblionumber=14406 _yKatalog online BPK |
||
| 942 |
_2UKD _cKS |
||
| 999 |
_c14406 _d14406 |
||